Urban governance: (Record no. 160655)

MARC details
000 -LEADER
fixed length control field 00675nam a22001937a 4500
005 - DATE AND TIME OF LATEST TRANSACTION
control field 20190213164207.0
010 ## - LCCN (DPL NO)
LC control number ENG-124766
020 ## - INTERNATIONAL STANDARD BOOK NUMBER
International Standard Book Number 9788193812228
Terms of availability 850.00
035 ## - SYSTEM CONTROL NUMBER
System control number EN-108298
037 ## - SOURCE OF ACQUISITION
Source of stock number/acquisition DBAD/PUB
082 ## - DEWEY DECIMAL CLASSIFICATION NUMBER
Classification number 352.16
100 ## - MAIN ENTRY--PERSONAL NAME
Personal name Ramakrishna, Chintha
245 ## - TITLE STATEMENT
Title Urban governance:
Remainder of title role of jnnurm/
Statement of responsibility, etc by Chintha Ramakrishna
260 ## - PUBLICATION, DISTRIBUTION, ETC. (IMPRINT)
Place of publication, distribution, etc New Delhi
Name of publisher, distributor, etc Atharv Publications
Date of publication, distribution, etc 2019
270 ## - ADDRESS
Address 110, 1st Floor, Gali No-4, Har[jppl Vihar, Bapraula
City New Delhi
Postal code 110043
Telephone number 07065515773
Electronic mail address atharvpublications@gmail.com
300 ## - PHYSICAL DESCRIPTION
Extent xvi,261p
Dimensions 21cm(Hb)
500 ## - GENERAL NOTE
General note includes bibliographical references and index
942 ## - ADDED ENTRY ELEMENTS (KOHA)
Source of classification or shelving scheme Dewey Decimal Classification
Item type English Books
Classification part 352.16
Call number suffix RAM
Holdings
Withdrawn status Lost status Not for loan Collection code Home library Current library Date acquired Source of acquisition Cost, normal purchase price Full call number Barcode Copy number Cost, replacement price Koha item type
      Non-fiction Sarojini Nagar Sarojini Nagar 07/02/2019 DBAD/PUB 850.00 352.16 CHI EN-108298 1 850.00 English Books

© Delhi Public Library
Hit Counter
free hit counter